Lịch sử văn học thế giới Tập 1

Bộ sách Lịch sử văn học thế giới chín tập có nhiệm vụ xác định sự vận động lịch sử của các nền văn học thế giới từ thời cổ đại, từ cội nguồn đầu tiên của nghệ thuật ngôn từ, đến thập niên 50 thế kỷ XX, và vạch ra những quy l...

Full description

Saved in:
Bibliographic Details
Main Author: Trần, Thanh Bình
Other Authors: Trịnh, Bá Đĩnh
Format: Book
Language:Undetermined
Published: H. Văn học; Trung tâm Nghiên cứu Quốc học 2007
Subjects:
Online Access:http://lrc.tdmu.edu.vn/opac/search/detail.asp?aID=2&ID=20109
Tags: Add Tag
No Tags, Be the first to tag this record!
Institutions: Trung tâm Học liệu Trường Đại học Thủ Dầu Một
LEADER 01338nam a2200229Ia 4500
001 TDMU_20109
008 210410s9999 xx 000 0 und d
082 |a 809 
090 |b TR121 
100 |a Trần, Thanh Bình 
245 0 |a Lịch sử văn học thế giới 
245 0 |c Trần Thanh Bình (dịch) và [nh. ng. khác] 
245 0 |n Tập 1 
260 |a H. 
260 |b Văn học; Trung tâm Nghiên cứu Quốc học 
260 |c 2007 
300 |a 1135tr. 
520 |a Bộ sách Lịch sử văn học thế giới chín tập có nhiệm vụ xác định sự vận động lịch sử của các nền văn học thế giới từ thời cổ đại, từ cội nguồn đầu tiên của nghệ thuật ngôn từ, đến thập niên 50 thế kỷ XX, và vạch ra những quy luật chủ đạo của sự vận động ấy.; NV Văn học phương Tây; NV Văn học Ấn Độ ; NV Văn học Nhật Bản 
650 |a Lịch sử văn học thế giới; Văn học  |x Lịch sử  |z Thế giới 
700 |a Trịnh, Bá Đĩnh 
856 |u http://lrc.tdmu.edu.vn/opac/search/detail.asp?aID=2&ID=20109 
980 |a Trung tâm Học liệu Trường Đại học Thủ Dầu Một